| Registos Bibliográficos associados ao registo de autoridade |
|
Etiqueta de registo: 00646cam 2200205 450 001 1033817 003 http://id.bnportugal.gov.pt/bib/catbnp/1033817 005 20001221165400.0 100 ## $a20000927d1999 k y0pory0103 ba 101 0# $aeng$dpor 102 ## $aPT 105 ## $aa m 001yy 106 ## $ar 200 1# $aSome aspects of scattering with short range forces$fJoão Pedro da Silva de Brito Boto 210 #9 $aLisboa$c(s.n.),$d1999 215 ## $a[4], 160 p.$cil.$d26 cm$eCurriculum vitae, (3 p.) 320 ## $aBibliografia, p. 153-160 328 ## $aTese dout. Matemática, Univ. Lisboa, 1999 675 ## $a51(043)$vBN$zpor$3323829 700 #1 $aBoto,$bJoão Pedro,$f1962-$352938 966 ## $lBN$mFGMON$sS.A. 94661 V.$x1
Etiqueta de registo: 00761cam 2200241 450 001 339983 003 http://id.bnportugal.gov.pt/bib/catbnp/339983 005 20001003144300.0 095 ## $aPTBN00358529 100 ## $a19920319d1991 k y0pory0103 ba 101 0# $apor 102 ## $aPT 105 ## $ay m 000yy 106 ## $ar 200 1# $a A função Gama$bTexto policopiado]$fJoão Pedro S. B. Boto 210 #9 $aLisboa$c[s.n.],$d1991 215 ## $a35 f.$d30 cm$ecurriculum vitae (2 f.) 320 ## $aBibliografia, f. 35 328 ## $aTrabalho apresent. a provas de aptidão pedagógica e capacidade científica, Fac. Ciências
Univ. Lisboa 675 ## $a511.3(043.2)$vBN$zpor$3343060 700 #1 $aBoto,$bJoão Pedro,$f1962-$352938 801 #0 $aPT$bBN$gRPC 966 ## $lBN$mFGMON$sS.A. 72471 V.$x1
Etiqueta de registo: 00823cam 2200241 450 001 339982 003 http://id.bnportugal.gov.pt/bib/catbnp/339982 005 20001003143300.0 095 ## $aPTBN00358528 100 ## $a19920319d1991 k y0pory0103 ba 101 0# $apor 102 ## $aPT 105 ## $ay m 001yy 106 ## $ar 200 1# $a O termo do erro no teorema dos números primos$bTexto policopiado]$e uma introdução$fJoão Pedro Boto 210 #9 $aLisboa$c[s.n.],$d1991 215 ## $a[3], 115, [1] f.$d30 cm 320 ## $aContém bibliografia 328 ## $aTrabalho para prestação de provas de aptidão pedagógica e capacidade científica apresentado
à Fac. de Ciências da Univ. de Lisboa 675 ## $a517(043)$vBN$zpor$3302728 700 #1 $aBoto,$bJoão Pedro,$f1962-$352938 801 #0 $aPT$bBN$gRPC 966 ## $lBN$mFGMON$sS.A. 72381 V.$x1
Etiqueta de registo: 00000nam 2200025 450 001 2286220 003 http://id.bnportugal.gov.pt/bib/catbnp/2286220 100 ## $a20260512d2025 k y0pory01030103ba 101 0# $aeng$dpor 102 ## $aPT 105 ## $aa m 000yy 106 ## $ar 200 1# $aOptimal control of stochastic differential equations in finance$fPaulo Henrique Contente Rocha$gorient. João Pedro Boto, Fernanda Cipriano 210 #9 $aLisboa$c[s.n.],$d2025 215 ## $aXII, 125 p.$cil.$d30 cm$ecurriculum vitae (4 p.) 328 #1 $aTese dout. Matemática (Análise Matemática), Faculdade de Ciências, Universidade de
Lisboa, 2025 700 #1 $aRocha,$bPaulo Henrique Contente$31998254 702 #1 $aBoto,$bJoão Pedro,$f1962-$4727$352938 702 #1 $aMarques,$bMaria Fernanda de Almeida Cipriano Salvador$4727$31872458 801 #0 $aPT$bBN$gRPC 966 ## $lBN$mFGMON$x1 971 ## $corlando$d20260512
|
|
|